| 000 | 01755cam a22004574i 4500 | ||
|---|---|---|---|
| 003 | PE-LiUPU | ||
| 005 | 20250731172814.0 | ||
| 008 | 150617s1965 ar a r 000 0 d | ||
| 035 | _a(Sirsi) a13775 | ||
| 040 |
_aPE-LiUPU _bspa _cPE-LiUPU _erda |
||
| 049 | _aPRUA | ||
| 082 | 0 | 4 |
_a225.9 _bK39h _223 |
| 100 | 1 |
_aKern, Milton E., _eautor. |
|
| 245 | 1 | 0 |
_aHistoria del Nuevo Testamento : _bla vida de Cristo y la obra de los apóstoles / _cMiltn E. Kern. |
| 264 | 1 |
_aArgentina : _bAsociación Casa Editora Sudamericana, _c1965. |
|
| 300 |
_a287 páginas : _bilustrado ; _c22 centímetros. |
||
| 336 |
_atext _2rdacontent |
||
| 337 |
_aunmediated _2rdamedia |
||
| 338 |
_avolume _2rdacarrier |
||
| 505 | 0 | _aLa redención y el Mesías esperado -- Preparación del mundo para Cristo -- El país donde vivió Jesús -- Fuentes de nuestro conocimiento de la vida de Cristo -- Periódo de preparación -- Periódo de inauguración -- Ministerio Inicial en Judea -- Días de promesa -- Sombras descendentes -- Hasta Jerusalén, a través de Perea -- La semana de la pasión -- Los Hechos de los apóstoles -- El evangelio a los judíos -- Extensión involuntaria de la iglesia -- Gran progreso de la Iglesia -- La iglesia "probada con fuego". | |
| 526 | _aSEG42 | ||
| 526 | _aSEG41 | ||
| 526 | _aSEG40 | ||
| 526 | _aSEG39 | ||
| 526 | _aP94 | ||
| 526 | _aP87 | ||
| 526 | _aP86 | ||
| 526 | _aP85 | ||
| 526 | _aP77 | ||
| 526 | _aP76 | ||
| 526 | _aP35 | ||
| 630 |
_aBiblia _pN.T. _xComentarios. |
||
| 910 | _ajck | ||
| 942 |
_2ddc _cBK |
||
| 980 |
_81 _gALBERTO SANCHEZ Responsable de Automatización |
||
| 999 |
_c4179 _d4179 |
||